000 00373nam a2200145Ia 4500
008 231129s2004||||xx |||||||||||||| ||spa||
020 _a958-04-6257-7
040 _bspa
082 _a(i) 808.068543 G244o
100 _aGartner Hans
245 0 _aOsito limpio y osito sucio
260 _c2004
264 _aNorma
942 _2ddc
_cBKS
999 _c22234
_d22234